| Tag |
First Indicator |
Second Indicator |
Subfields |
| LEADER |
00000cam a2200000 a 4500 |
| 001 |
in00000009300 |
| 005 |
20151007051522.0 |
| 008 |
860826s1987 nyua b 00100 eng |
| 010 |
|
|
|a 86022475
|
| 020 |
|
|
|a 0442260245
|
| 035 |
|
|
|a (OCoLC)14212758
|
| 035 |
|
|
|9 AAA3381AM
|
| 040 |
|
|
|a DLC
|c DLC
|d TXA
|d UtOrBLW
|
| 049 |
|
|
|a TXAM
|c [A11028246]
|
| 050 |
0 |
0 |
|a TP1142
|b .H37 1987
|
| 082 |
0 |
|
|a 668.4/11
|2 19
|
| 245 |
0 |
0 |
|a Handbook of fillers for plastics /
|c edited by Harry S. Katz, John V. Milewski.
|
| 264 |
|
1 |
|a New York :
|b Van Nostrand Reinhold Co.,
|c [1987]
|
| 264 |
|
4 |
|c ©1987
|
| 300 |
|
|
|a x, 467 pages :
|b illustrations ;
|c 26 cm.
|
| 336 |
|
|
|a text
|b txt
|2 rdacontent
|
| 337 |
|
|
|a unmediated
|b n
|2 rdamedia
|
| 338 |
|
|
|a volume
|b nc
|2 rdacarrier
|
| 500 |
|
|
|a "New edition"--Pref.
|
| 504 |
|
|
|a Includes bibliographies and index.
|
| 650 |
|
0 |
|a Plastics
|x Additives
|v Handbooks, manuals, etc.
|
| 650 |
|
0 |
|a Fillers (Materials)
|x Handbooks, manuals, etc.
|
| 700 |
1 |
|
|a Katz, Harry S.
|
| 700 |
1 |
|
|a Milewski, John V.
|
| 999 |
|
|
|a MARS
|
| 999 |
f |
f |
|s eeb34c9d-6cc6-3099-bbb0-7467b6e85069
|i 10f5d6f3-a01b-3c67-a3dd-22d7e005f668
|t 0
|
| 952 |
f |
f |
|p normal
|a Texas A&M University
|b College Station
|c Sterling C. Evans Library
|d Evans: Library Stacks
|t 0
|e TP1142 .H37 1987
|h Library of Congress classification
|i unmediated -- volume
|m A14811028246
|
| 998 |
f |
f |
|a TP1142 .H37 1987
|t 0
|l Evans: Library Stacks
|